000 00492nam a22001937a 4500
003 OSt
005 20151005142752.0
008 151005b xxu||||| |||| 00| 0 eng d
020 _a0761957278
040 _cDDC
082 _a303.6 HUT 2005
100 _aHutchinson, John
_95829
245 _aNations as zones of conflict
260 _aLondon;
_bSage,
_c2005
300 _aviii,213p;
_bill:
_c24cm
504 _aReferences, & index included
650 _aConflict
_95830
942 _2z
_cO_SHELF
999 _c2314
_d2314